| 000 | 00000nam 2200000zi 4500 |
| 001 | 9.925513 |
| 003 | CaOODSP |
| 005 | 20241121125404 |
| 006 | m o d f |
| 007 | cr |n||||||||| |
| 008 | 230626e20090320qucb ob f|0| 0 fre d |
| 040 | |aCaOODSP|bfre|erda|cCaOODSP |
| 043 | |an-cn-qu |
| 086 | 1 |aCW66-1215/2009F-PDF |
| 100 | 1 |aNadeau, André, |eauteur. |
| 245 | 13|aLa biodiversité dans la Réserve nationale de faune des îles de l'estuaire / |cAndré Nadeau, Jean Bédard et Yves Turcotte. |
| 264 | 1|a[Sainte-Foy, Québec] : |b[Service canadien de la faune], |c20 mars 2009. |
| 300 | |a1 ressource en ligne (1 volume (pagination multiple)) : |bcartes |
| 336 | |atexte|btxt|2rdacontent/fre |
| 337 | |ainformatique|bc|2rdamedia/fre |
| 338 | |aressource en ligne|bcr|2rdacarrier/fre |
| 500 | |aÉdition numérisée de l’imprimé [par Environnement et changement climatique Canada]. |
| 500 | |a« Contrat No. K4C25-08-7808. » |
| 504 | |aComprend des références bibliographiques. |
| 650 | 6|aBiodiversité|zQuébec (Province) |
| 650 | 6|aParcs nationaux|zQuébec (Province) |
| 650 | 0|aBiodiversity|zQuébec (Province) |
| 650 | 0|aNational parks and reserves|zQuébec (Province) |
| 651 | 6|aRéserve nationale de faune des îles de l'estuaire (Québec) |
| 710 | 2 |aService canadien de la faune, |eorganisme de publication. |
| 710 | 2 |aSociété Duvetnor Ltée, |econsultant. |
| 856 | 40|qPDF|s12.40 Mo|uhttps://publications.gc.ca/collections/collection_2024/eccc/cw66/CW66-1215-2009-fra.pdf |